[Event "Napoli Natale al Vomero 2nd"]
[Site "Napoli"]
[Date "2005.12.01"]
[Round "5"]
[White "Esposito, Pino"]
[Black "Valenzi, Marco"]
[Result "1-0"]
[WhiteElo "1786"]
[BlackElo "1801"]
[PlyCount "91"]
[EventDate "2005.11.03"]
[EventType "swiss"]
[EventRounds "6"]
[EventCountry "ITA"]
[SourceTitle "EXT 2018"]
[Source "ChessBase"]
[SourceDate "2017.10.13"]
[SourceVersion "1"]
[SourceVersionDate "2017.10.13"]
[SourceQuality "1"]

1. Nf3 d6 2. g3 Nf6 3. Bg2 g6 4. d3 Bg7 5. 0-0 0-0 6. Nbd2 c5 7. e4 e5 8. a4 Nc6 9. Nc4 Be6 10. b3 Nh5 11. Ng5 Bc8 12. Bd2 h6 13. Nh3 Be6 14. f3 Qd7 15. g4 Nf6 16. Nf2 d5 17. Ne3 dxe4 18. fxe4 Rad8 19. Bf3 Nd4 20. Kh1 Nh7 21. Be2 f5 22. gxf5 gxf5 23. Nc4 f4 24. Rg1 Kh8 25. Ba5 b6 26. Bc3 f3 27. Bf1 Qf7 28. Bxd4 cxd4 29. Rg3 Qh5 30. Bh3 Ng5 31. Bxe6 Nxe6 32. Rh3 Qf7 33. Qg1 Kh7 34. Rf1 Qf4 35. Ng4 Ng5 36. Rg3 h5 37. Ngxe5 Bxe5 38. Nxe5 Rg8 39. Nxf3 Nxf3 40. Rfxf3 Qc7 41. Rxg8 Rxg8 42. Qxd4 Qxc2 43. Rf7+ Kh6 44. Qf6+ Rg6 45. Qf4+ Rg5 46. Rf6+ 1-0

[Event "Napoli Natale al Vomero 2nd"]
[Site "Napoli"]
[Date "2005.11.03"]
[Round "1"]
[White "Borrelli, Salvatore"]
[Black "Valenzi, Marco"]
[Result "0-1"]
[WhiteElo "1554"]
[BlackElo "1801"]
[PlyCount "108"]
[EventDate "2005.11.03"]
[EventType "swiss"]
[EventRounds "6"]
[EventCountry "ITA"]
[SourceTitle "EXT 2018"]
[Source "ChessBase"]
[SourceDate "2017.10.13"]
[SourceVersion "1"]
[SourceVersionDate "2017.10.13"]
[SourceQuality "1"]

1. d4 Nf6 2. Nf3 g6 3. Nc3 Bg7 4. e4 d6 5. Be3 0-0 6. Qd2 Ng4 7. Bg5 h6 8. Bh4 Nd7 9. h3 Ngf6 10. e5 Nh7 11. 0-0-0 Nb6 12. Bg3 dxe5 13. Nxe5 Nd5 14. Nxd5 Qxd5 15. b3 c5 16. Nxg6 Re8 17. Bb5 Bd7 18. Nf4 Qd6 19. Nh5 Qd5 20. Nxg7 Kxg7 21. Bxd7 Qxd7 22. Bf4 Qxd4 23. Bxh6+ Kg6 24. Qxd4 cxd4 25. Bf4 e5 26. Bg3 Rad8 27. Rhe1 f6 28. Re4 Ng5 29. Re2 e4 30. Bf4 Re6 31. Bxg5 Kxg5 32. Rde1 f5 33. g4 fxg4 34. hxg4 Kf4 35. g5 Kf3 36. Rd2 Rd7 37. Rg1 Rg6 38. Rg3+ Kf4 39. Kd1 Rxg5 40. Rxg5 Kxg5 41. Ke2 Kf4 42. Rd1 Rc7 43. Rd2 Ke5 44. a4 Rc3 45. Kd1 b6 46. Kc1 d3 47. Kb2 Rxc2+ 48. Rxc2 dxc2 49. Kxc2 a6 50. Kc3 Kd5 51. Kb4 Kd4 52. a5 b5 53. Ka3 Kc3 54. b4 Kc4 0-1

[Event "Napoli Settembre al Vomero 2nd"]
[Site "Napoli"]
[Date "2005.10.13"]
[Round "5"]
[White "Valenzi, Marco"]
[Black "Giglio, Achille"]
[Result "1-0"]
[WhiteElo "1801"]
[BlackElo "1795"]
[PlyCount "75"]
[EventDate "2005.09.15"]
[EventType "swiss"]
[EventRounds "7"]
[EventCountry "ITA"]
[SourceTitle "EXT 2018"]
[Source "ChessBase"]
[SourceDate "2017.10.13"]
[SourceVersion "1"]
[SourceVersionDate "2017.10.13"]
[SourceQuality "1"]

1. e4 e5 2. Nf3 Nc6 3. Bb5 Nf6 4. 0-0 d6 5. Re1 Be7 6. h3 0-0 7. c3 Bd7 8. d3 a6 9. Ba4 b5 10. Bc2 Ne8 11. Nbd2 f5 12. exf5 Bxf5 13. Ne4 Nf6 14. Bb3+ Kh8 15. Neg5 Qe8 16. Ne6 Bxe6 17. Bxe6 Nd8 18. Bb3 c5 19. a4 Rc8 20. axb5 axb5 21. Bc2 Nc6 22. Ng5 Qd7 23. Bb3 d5 24. Nf3 c4 25. dxc4 bxc4 26. Ba4 Bd6 27. Bxc6 Rxc6 28. Nxe5 Bxe5 29. Rxe5 h6 30. Be3 Qb7 31. Qe2 Rb8 32. Ra7 Qxb2 33. Qxb2 Rxb2 34. Ree7 Nh5 35. g4 Rg6 36. Ra8+ Kh7 37. Ree8 Rb1+ 38. Kh2 1-0

[Event "Napoli Settembre al Vomero 2nd"]
[Site "Napoli"]
[Date "2005.10.06"]
[Round "4"]
[White "Accardo, Francesco"]
[Black "Valenzi, Marco"]
[Result "1-0"]
[WhiteElo "2081"]
[BlackElo "1801"]
[PlyCount "34"]
[EventDate "2005.09.15"]
[EventType "swiss"]
[EventRounds "7"]
[EventCountry "ITA"]
[SourceTitle "EXT 2018"]
[Source "ChessBase"]
[SourceDate "2017.10.13"]
[SourceVersion "1"]
[SourceVersionDate "2017.10.13"]
[SourceQuality "1"]

1. b4 e5 2. Bb2 d6 3. c4 Nf6 4. Nc3 Be7 5. Nf3 0-0 6. d4 exd4 7. Nxd4 c5 8. Nc2 cxb4 9. Nxb4 Re8 10. Qc2 Nbd7 11. g4 Ne5 12. g5 Nh5 13. Ncd5 Bxg5 14. h4 Bh6 15. Bg2 a5 16. Nd3 Bf5 17. Kf1 Rc8 1-0

[Event "Napoli Settembre al Vomero 2nd"]
[Site "Napoli"]
[Date "2005.09.29"]
[Round "3"]
[White "Valenzi, Marco"]
[Black "Ficco, Corrado"]
[Result "0-1"]
[WhiteElo "1801"]
[BlackElo "2170"]
[PlyCount "122"]
[EventDate "2005.09.15"]
[EventType "swiss"]
[EventRounds "7"]
[EventCountry "ITA"]
[SourceTitle "EXT 2018"]
[Source "ChessBase"]
[SourceDate "2017.10.13"]
[SourceVersion "1"]
[SourceVersionDate "2017.10.13"]
[SourceQuality "1"]

1. e4 c5 2. Nf3 e6 3. d4 cxd4 4. Nxd4 Nc6 5. Be3 a6 6. Nc3 Qc7 7. g3 Nf6 8. Bg2 Be7 9. 0-0 0-0 10. a3 Ne5 11. Nb3 Nc4 12. Bf4 d6 13. Bc1 Rb8 14. Nd2 Nxd2 15. Bxd2 b5 16. Qe2 Bb7 17. Rac1 Rfc8 18. Rfe1 Qc4 19. f3 Qxe2 20. Nxe2 d5 21. Bf4 Ra8 22. e5 Nd7 23. Nd4 Rc4 24. c3 Rac8 25. Bf1 R4c7 26. Bd2 Bc5 27. f4 Nb8 28. Be3 Nd7 29. Rcd1 Nb6 30. Nb3 Bxe3+ 31. Rxe3 Nc4 32. Re2 a5 33. Kf2 Kf8 34. Nd4 Ba6 35. Rc2 Rb8 36. g4 Ke7 37. f5 Nxe5 38. Kg3 Nc6 39. fxe6 Nxd4 40. Rxd4 fxe6 41. a4 Rb6 42. axb5 Bxb5 43. Bxb5 Rxb5 44. Re2 Rcb7 45. Rdd2 Rc7 46. h4 a4 47. Re3 Rbc5 48. Ree2 R5c6 49. Re3 Rc5 50. Ree2 Ra5 51. Re3 Rd7 52. g5 a3 53. bxa3 Rxa3 54. Rf3 Kd6 55. h5 Rc7 56. g6 hxg6 57. hxg6 Rcxc3 58. Rxc3 Rxc3+ 59. Kg4 Rc4+ 60. Kg5 d4 61. Rf2 Rc7 0-1